000 00654nam a22002057a 4500
003 OSt
005 20140506094413.0
008 130718t xxu||||| |||| 00| 0 eng d
020 _a9780199139460
050 _aQA 37.2
_b.C241 2010
100 _aCapewell, Dave
_91344
245 _aOxford GCSE maths for Edexcel :
_bspecification B - foundation - modular /
_cDave Capewell
260 _aOxford :
_bOxford University Press,
_cc2010.
300 _a456 p. :
_bcol. ill. ;
_c26 cm.
500 _aIncludes index.
562 _e1
650 _aMathematics
_xStudy and teaching (Secondary)
_xGreat Britain.
_91466
942 _2lcc
_cBK
999 _c115795
_d115795